Normal view
MARC view
- الزعبي، طلال عبد الله، م.مشارك موسى محمد الكردي، م.مشارك هاني حتمل عبيدات
Entry Personal Name
001 - CONTROL NUMBER
- control field: 53155
003 - CONTROL NUMBER IDENTIFIER
- control field: JO-AjAnu
005 - DATE AND TIME OF LATEST TRANSACTION
- control field: 20230606082731.0
008 - FIXED-LENGTH DATA ELEMENTS
- fixed length control field: 230606|| aca||aabn | a|a d
040 ## - CATALOGING SOURCE
- Original cataloging agency: JO-AjAnu
- Transcribing agency: JO-AjAnu
100 ## - HEADING--PERSONAL NAME
- Personal name: الزعبي، طلال عبد الله، م.مشارك موسى محمد الكردي، م.مشارك هاني حتمل عبيدات
670 ## - SOURCE DATA FOUND
- Source citation: Work cat.: (JO-AjAnu)27158: الزعبي، طلال عبد الله، م.مشارك موسى محمد الكردي، م.مشارك هاني حتمل عبيدات, author, مهارات الحياة